000
00203 a2200097 4500
001
46770
100
_a
Jackson R
245
_a
Bomber
260
_a
New York
_b
St martins press
_c
090
_c
29864
_d
29864
942
_a
NUST-CAE
_c
M
_c
22073
999
_c
281843
_d
281843